POTEGI 2 w 15 SEKUND - Statystyki

Ogólne statystyki
  • Ten quiz został rozwiązany 955 razy
  • Średni wynik to 7 z 15
Statystyki odpowiedzi
potegi odp % Poprawnych
2^0 1
97%
2^1 2
97%
2^2 4
96%
2^3 8
87%
2^4 16
79%
2^5 32
68%
2^6 64
62%
2^7 128
51%
2^8 256
38%
2^9 512
26%
2^10 1024
19%
2^11 2048
11%
2^12 4096
4%
2^14 16384
1%
2^13 8192
1%
Nie znaleziono quizów pasujących do podanych kryteriów
Rozkład punktacji
Procent ludzi z każdym wynikiem
Percentyl według liczby udzielonych odpowiedzi
Twoja historia wyników
Nie rozwiązałeś tego quizu